00357pab a2200121 454500008004000000100002500040245009300065260000900158300001300167362001000180650001100190773003400201180718b2013 xxu||||| |||| 00| 0 eng d aDangmei, Soihiamlung aCultural positioning of tribes in North-east India: Mapping the evolving Heraka identity c2013 ap.27-30. a5 Jan aTribes aEconomic and Political Weekly